| 000 | 00681nam a2200205 i 4500 | ||
|---|---|---|---|
| 001 | 44282 | ||
| 003 | ES-MaACL | ||
| 005 | 20250129092400.0 | ||
| 007 | t| | ||
| 008 | 030321s1961 sp ||||1| spa d | ||
| 100 | 1 |
_aCienfuegos, Francisco. _938780 |
|
| 245 | 1 | 0 |
_aEmoción en la enfermedad y otros ensayos / _cFrancisco Cienfuegos ; prólogo de C. Blanco Soler. |
| 260 |
_aGijón : _b[s.n., _c1961] ( _fStella) |
||
| 300 |
_a474 p. : _bil. ; _c21 cm. |
||
| 650 | 4 |
_aMedicina- _vCuriosidades. _9148883 |
|
| 700 | 1 |
_aBlanco Soler, C., _d1894-1962 _929295 |
|
| 852 |
_aES-MaACL _jC-20396 _bR.48339 |
||
| 852 |
_aES-MaACL _jC-27141 _bR.56156 |
||
| 999 |
_c44282 _d44282 |
||